000
00304nam a22001337a 4500
008
181030b xxu||||| |||| 00| 0 eng d
020
_a
0631151958
041
_a
eng
080
_a
101
100
_a
24
101
_a
FIL
245
_a
David Hume. Philosopher of Moral Science
_c
Flew, A
942
_2
udc
_c
BK
999
_c
51135
_d
51135